000 00723nam a2200217Ia 4500
003 GCL
008 140319s9999 xx 000 0 ara d
040 _aGCL /
_cGCL
082 0 4 _a811.00962
_bع ت
100 1 _aعبدالمحسن طه بدر
245 1 0 _aالتطور والتجديد فى الشعر المصرى الحديث /
_cعبدالمحسن طه بدر
260 _aالقاهرة :
_bالهيئة المصرية العامة للكتاب ،
_c1991
300 _a444 ص
490 _aدراسات ادبية
_v0
650 0 4 _aالشعر العربى
650 0 4 _aالادب العربى
650 0 4 _aالعصر الحديث
650 0 4 _aمصر
650 0 4 _aتاريخ ونقد
942 _2ddc
_cBK
999 _c29380
_d29380